Movies Quiz

Random Movies or Clickable Quiz

29 Under 30 (Actors) Quiz Stats

 Plays Quiz not verified by Sporcle

Challenge
Share
Tweet
Embed
Score 0/29 Timer 04:00
0 Plays Today
% Correct
Natalie Portman
93.4%
Julie Andrews
91.7%
Gwyneth Paltrow
91.1%
Jennifer Lawrence
90.2%
Charlize Theron
89.8%
Reese Witherspoon
89.6%
Hilary Swank
88.7%
Adrien Brody
84.9%
Vivien Leigh
83%
Liza Minnelli
82.4%
Barbra Streisand
79%
Audrey Hepburn
75.4%
Jodie Foster
70.7%
Marlee Matlin
63.3%
Elizabeth Taylor
55.6%
% Correct
Ingrid Bergman
50.3%
Grace Kelly
42%
Bette Davis
40.6%
Sophia Loren
39.7%
Judy Holliday
38.4%
Julie Christie
38%
Joanne Woodward
37.8%
Joan Fontaine
36.7%
Katharine Hepburn
36.5%
Ginger Rogers
36.3%
Jennifer Jones
36.1%
Luise Rainer
32.9%
Janet Gaynor
29.3%
Norma Shearer
27%

You're not logged in!

Compare scores with friends on all Sporcle quizzes.
OR
Log In

You Might Also Like...

Show Comments

Extras

Top Quizzes Today


Score Distribution

Your Account Isn't Verified!

In order to create a playlist on Sporcle, you need to verify the email address you used during registration. Go to your Sporcle Settings to finish the process.

Report this User

Report this user for behavior that violates our Community Guidelines.

Details: